00441nam a2200169 a 4500008004100000020001800041050001300059100002000072245005800092250001200150260003600162300001600198350001000214490002100224650001800245650000800263160520s2012 ||||||||||||||||| || u a9781444138283 aK 24 Hal aHalstead, Peter10aJurisprudence:Key facts. (2nd ed.)cBy Peter Halstead a2nd ed. aLondon:bHodder Educationc2012 a132p.: ill. a22.95 aKey facts series aJURISPRUDENCE aLAW